Finał Ligi Mistrzów 2015/2016 - składy - Statystyki

Ogólne statystyki
  • Ten quiz został rozwiązany 215 razy
  • Średni wynik to 21 z 30
Statystyki odpowiedzi
Pozycja Narodowość Numer Imię i Nazwisko % Poprawnych
Bramkarz Kostaryka 1 Keylor Navas
99%
Obrońca Hiszpania 4 Sergio Ramos
98%
Napastnik Portugalia 7 Cristiano Ronaldo
97%
Napastnik Walia 11 Gareth Bale
97%
Napastnik Francja 9 Karim Benzema
97%
Pomocnik Chorwacja 19 Luka Modrić
97%
Obrońca Portugalia 3 Pepe
96%
Trener Francja # Zinédine Zidane
96%
Obrońca Brazylia 12 Marcelo
95%
Pomocnik Niemcy 8 Toni Kroos
95%
Pomocnik Brazylia 14 Casemiro
93%
Bramkarz Słowenia 13 Jan Oblak
93%
Obrońca Hiszpania 15 Dani Carvajal
88%
Napastnik Francja 7 Antoine Griezmann
84%
Obrońca Urugwaj 2 Diego Godín
82%
Pomocnik Hiszpania 6 Koke
81%
Trener Argentyna # Diego Simeone
76%
Obrońca Czarnogóra 15 Stefan Savić
75%
Rezerwowy Hiszpania 22 Isco
60%
Obrońca Brazylia 3 Filipe Luís
59%
Pomocnik Hiszpania 17 Saúl
56%
Obrońca Hiszpania 20 Juanfran
55%
Rezerwowy Belgia 21 Yannick Carrasco
52%
Napastnik Hiszpania 9 Fernando Torres
48%
Pomocnik Hiszpania 14 Gabi
48%
Rezerwowy Ghana 22 Thomas Partey
45%
Rezerwowy Hiszpania 18 Lucas Vázquez
33%
Rezerwowy Brazylia 23 Danilo
26%
Pomocnik Argentyna 12 Augusto Fernández
12%
Rezerwowy Francja 19 Lucas Hernández
11%
Nie znaleziono quizów pasujących do podanych kryteriów
Rozkład punktacji
Procent ludzi z każdym wynikiem
Percentyl według liczby udzielonych odpowiedzi
Twoja historia wyników
Nie rozwiązałeś tego quizu